[Event "Zibo zt 3.5 (Women)"]
[Site "Zibo"]
[Date "2017.08.14"]
[Round "11"]
[White "Zhang, Xiao"]
[Black "Wang, Yiru"]
[Result "1-0"]
[WhiteElo "1991"]
[BlackElo "1585"]
[PlyCount "83"]
[EventDate "2017.08.07"]
[EventType "swiss"]
[EventRounds "11"]
[EventCountry "CHN"]
[SourceTitle "CBM 179 Extra"]
[Source "ChessBase"]
[SourceDate "2017.08.23"]
[SourceVersion "1"]
[SourceVersionDate "2017.08.23"]
[SourceQuality "1"]

1. d4 d5 2. c4 e6 3. cxd5 exd5 4. Nc3 Nf6 5. Bg5 Be7 6. e3 c6 7. Bd3 0-0 8. Nge2 Nbd7 9. 0-0 h6 10. Bh4 Ne8 11. Bg3 Bd6 12. Nf4 Ndf6 13. a3 Nc7 14. b4 Ne6 15. Nce2 Qc7 16. Rc1 Bd7 17. Bb1 Rfe8 18. Qd3 Nf8 19. Nc3 Qb8 20. b5 Bxf4 21. Bxf4 Qd8 22. h3 Ng6 23. Bh2 Qa5 24. bxc6 bxc6 25. Bc2 Qxa3 26. Nxd5 Qxd3 27. Nxf6+ gxf6 28. Bxd3 a5 29. Ra1 Ra7 30. Ra3 Rea8 31. Bd6 a4 32. Rfa1 Nf8 33. Bc2 Ne6 34. Rxa4 Rxa4 35. Rxa4 Rc8 36. Ra7 Be8 37. Bd3 Rd8 38. Be7 Rd5 39. Ra8 Nc7 40. Rc8 Rd7 41. Bxf6 Kf8 42. Bf5 1-0

[Event "Zibo zt 3.5 (Women)"]
[Site "Zibo"]
[Date "2017.08.08"]
[Round "3"]
[White "Wang, Shunshun"]
[Black "Wang, Yiru"]
[Result "0-1"]
[WhiteElo "1437"]
[BlackElo "1585"]
[PlyCount "92"]
[EventDate "2017.08.07"]
[EventType "swiss"]
[EventRounds "11"]
[EventCountry "CHN"]
[SourceTitle "CBM 179 Extra"]
[Source "ChessBase"]
[SourceDate "2017.08.23"]
[SourceVersion "1"]
[SourceVersionDate "2017.08.23"]
[SourceQuality "1"]

1. c4 e6 2. Nc3 Nf6 3. e4 d5 4. cxd5 exd5 5. exd5 Nxd5 6. g3 Nb4 7. d4 Bf5 8. Qe2+ Qe7 9. Kd1 N8c6 10. Nb5 0-0-0 11. Qxe7 Bxe7 12. Be3 a6 13. Na3 Nxd4 14. Bxd4 Rxd4+ 15. Kc1 Be4 16. f3 Bg5+ 17. f4 Bf6 18. Ne2 Bxh1 19. Nxd4 Bxd4 20. Nc2 Nxc2 21. Kxc2 Be4+ 22. Kb3 Rd8 23. Re1 Bd5+ 24. Ka3 Be6 25. Bg2 Bxb2+ 26. Kxb2 Rd2+ 27. Kc3 Rxg2 28. a3 Rxh2 29. Re3 h5 30. Kd4 h4 31. gxh4 Rxh4 32. Ke5 Rh5+ 33. Ke4 Ra5 34. Rg3 Bf5+ 35. Kd4 g6 36. Rc3 Ra4+ 37. Ke3 b5 38. Kf3 b4 39. axb4 Rxb4 40. Ra3 Kb7 41. Ke3 c5 42. Rc3 Re4+ 43. Kf3 c4 44. Ra3 Rd4 45. Ke3 Rd3+ 46. Rxd3 cxd3 0-1